000 00378 a2200169 4500
001 62758
020 _a9788541803793
040 _cAnchieta - Pituba
100 _aBarroso, Juliane Matsubara
240 1 0 _aLíngua portuguesa
_lpor
245 1 0 _aLíngua portuguesa
300 _a96
362 0 _a2014
440 1 _aEdições SM
650 4 _aLíngua Portuguesa
942 _cBK
999 _c62758
_d62758